Electronic slag welding (Record no. 25676)

000 -LEADER
fixed length control field 00489nam a22001937a 4500
001 - CONTROL NUMBER
control field 25676
003 - CONTROL NUMBER IDENTIFIER
control field BD-DhUET
008 - FIXED-LENGTH DATA ELEMENTS--GENERAL INFORMATION
fixed length control field 150516b xxu||||| |||| 00| 0 eng d
040 ## - CATALOGING SOURCE
Transcribing agency 0
Modifying agency BD-DhUET
082 ## - DEWEY DECIMAL CLASSIFICATION NUMBER
Classification number 671.521
Item number PAT/n. d.
100 ## - MAIN ENTRY--PERSONAL NAME
Personal name Paton, B.
245 ## - TITLE STATEMENT
Title Electronic slag welding
250 ## - EDITION STATEMENT
Edition statement 1st ed.
260 ## - PUBLICATION, DISTRIBUTION, ETC. (IMPRINT)
Place of publication, distribution, etc. Moscow
Name of publisher, distributor, etc. Foreign languages publishing house
Date of publication, distribution, etc. n. d.
300 ## - PHYSICAL DESCRIPTION
Extent 364p.
Other physical details ill.
Dimensions 20 cm.
650 #0 - SUBJECT ADDED ENTRY--TOPICAL TERM
Topical term or geographic name as entry element Electronic welding
700 ## - ADDED ENTRY--PERSONAL NAME
Personal name Kuznetsov, B.
942 ## - ADDED ENTRY ELEMENTS (KOHA)
Koha item type Edited Book
Holdings
Koha full call number Koha item type Withdrawn status Lost status Location (home branch) Price effective from Copy number Piece designation (barcode) Koha date last seen Source of classification or shelving scheme Koha normalized classification for sorting Sublocation or collection (holding branch) Damaged status Date acquired Shelving location Not for loan
671.521/PAT/n. d.Edited Book  Central Library, BUET2015-05-16123332015-05-16 671_521000000000000_PAT_N__DCentral Library, BUET 2015-05-16Circulation section 
671.521/PAT/n. d.Edited Book  Central Library, BUET2015-05-162191282015-05-16 671_521000000000000_PAT_N__DCentral Library, BUET 2015-05-16Circulation section